<?xml version="1.0" encoding="UTF-8"?>
<record
    xmlns:xsi="http://www.w3.org/2001/XMLSchema-instance"
    xsi:schemaLocation="http://www.loc.gov/MARC21/slim http://www.loc.gov/standards/marcxml/schema/MARC21slim.xsd"
    xmlns="http://www.loc.gov/MARC21/slim">

  <leader>04879    a2200229   4500</leader>
  <controlfield tag="001">47896</controlfield>
  <controlfield tag="005">20260407155744.0</controlfield>
  <controlfield tag="008">260407a2012    arg                 spa d</controlfield>
  <controlfield tag="003">AR-UNSa-BCEJYS</controlfield>
  <datafield tag="040" ind1=" " ind2=" ">
    <subfield code="a">AR-UNSa-BCEJYS</subfield>
    <subfield code="b">spa</subfield>
    <subfield code="c">AR-UNSa-BCEJYS</subfield>
  </datafield>
  <datafield tag="080" ind1=" " ind2=" ">
    <subfield code="a">35</subfield>
    <subfield code="x">Administraci&#xF3;n P&#xFA;blica</subfield>
  </datafield>
  <datafield tag="245" ind1="1" ind2="0">
    <subfield code="a">Cuestiones de Organizaci&#xF3;n estatal, funci&#xF3;n p&#xFA;blica y dominio p&#xFA;blico</subfield>
  </datafield>
  <datafield tag="020" ind1=" " ind2=" ">
    <subfield code="a">978-987-1313-99-0</subfield>
  </datafield>
  <datafield tag="264" ind1=" " ind2="1">
    <subfield code="a">Buenos Aires :</subfield>
    <subfield code="b">Ediciones Rap</subfield>
    <subfield code="c">2012</subfield>
  </datafield>
  <datafield tag="300" ind1=" " ind2=" ">
    <subfield code="a">598 p.</subfield>
    <subfield code="c">24 cm.</subfield>
  </datafield>
  <datafield tag="505" ind1=" " ind2=" ">
    <subfield code="a">1. La protecci&#xF3;n del dominio p&#xFA;blico frente a la ocupaci&#xF3;n privada / Federico J. Lisa - 2. Eficacia, eficiencia y &#xE9;tica / Mar&#xED;a Jeanneret de P&#xE9;rez Cort&#xE9;s - 3. Competencia de los organismos recaudadores respecto de las provincias y municipios deudores / Oscar A. Cuadros - 4. Los tribunales de falta: su naturaleza y problem&#xE1;tica - 5. La delegaci&#xF3;n de facultades del poder ejecutivo / Julio P. Comadira - 6. Criterios jurisprudenciales sobre la estabilidad del empleado p&#xFA;blico / Blanca A. Herrera de Villavicencio - 7. Regulaci&#xF3;n y control de la empresa estatal en el derecho comparado con especial referencia al Reino Unido / Estela B. Sacrist&#xE1;n - 8. Adquisici&#xF3;n del dominio p&#xFA;blico / Alejandro J. Uslenghi - 9. Expropiaci&#xF3;n de territorios nacionales por las provincias. Los trapitos al sol en el federalismo / Santiago R. Carrillo - 10. Los niveles constitucionales de protecci&#xF3;n ambiental / Horacio Rosatti - 11. La responsabilidad pol&#xED;tica de los funcionarios p&#xFA;blicos / Mar&#xED;a Susana Villareal - 12. La administraci&#xF3;n en el siglo XXI / Pablo O. Gallegos Fedriani - 13. Dominio de los parques nacionales. Perspectivas desde el constitucionalismo social / Alejandra Petrella - 14. La funci&#xF3;n consultiva. El asesoramiento jur&#xED;dico y su importancia institucional / Juan Jos&#xE9; Galeano - 15. Acerca de las facultades presupuestarias del Jefe de Gabinete / Mar&#xED;a In&#xE9;s Corr&#xE1; - 16. Concepto de agente del Estado / Jorge Sarmiento Garc&#xED;a - 17. &#xBF;Rige respecto del personal contratado el r&#xE9;gimen disciplinario? / Violeta Castelli - 18. El principio de competencia en el Estado Constitucional de Derecho contempor&#xE1;neo. Alcance y l&#xED;mites / Patricio M. E. Sammartino - 19. Acceso a la informaci&#xF3;n y a la participaci&#xF3;n ciudadana en los municipios / Julio I. Altamira Gigena - 20. Una revisi&#xF3;n cr&#xED;tica a los principios de la organizaci&#xF3;n administrativa / Mario Rejtman Farah - 21. El concepto de precario en el derecho administrativo y la inexistencia de indemnizaci&#xF3;n / H&#xE9;ctor Huici - 22. Deslinde de competencias: el alcance de las facultades de los Defensores del Pueblo en el sistema federal. El caso de la Ciudad de Buenos Aires / Graciela E. Christe - 23. Las nuevas tecnolog&#xED;as en la organizaci&#xF3;n administrativa / Ismael Mata - 24. La carrera administrativa: derecho de los empleados p&#xFA;blicos / Ricardo Francavilla - 25.  Dominio y competencias estatales en el &#xE1;mbito portuario / Guillermo F. Comadira - 26. Las facultades locales sobre los establecimientos de utilidad nacional. Facultades locales concurrentes. A prop&#xF3;sito de la situaci&#xF3;n de inmuebles p&#xFA;blicos de valor cultural en la Ciudad de Santa Fe / Justo J. Reyna - 27. La eterna incertidumbre de ser empresa p&#xFA;blica en Argentina / Mar&#xED;a Laura Alfonso -  28. La estabilidad sindical en el empleo p&#xFA;blico / Luciano Marchetti - 29. Intervenci&#xF3;n administrativa de las obras sociales / Armando N. Canosa - 30. Los entes cooperadores como mecanismo auxiliar de la gesti&#xF3;n administrativa / Mar&#xED;a Jos&#xE9; Rodr&#xED;guez - 31. El car&#xE1;cter inembargable de los bienes estatales frente a la ejecuci&#xF3;n de sentencias condenatorias / Alfredo S. Gusman - 32. La competencia de los organismos de control para acceder a la informaci&#xF3;n p&#xFA;blica / Jos&#xE9; Sappa - 33. Secreto fiscal y lavado de activos. Conflictos interadministrativos entre la Administraci&#xF3;n Federal de Ingresos P&#xFA;blicos y la Unidad de Informaci&#xF3;n Financiera / Gladys E. Stoppani - 34. Dominio eminente y limitaciones a la propiedad en el derecho argentino y norteamericano / Pedro J. J. Coviello - 35. La autonom&#xED;a y la autarqu&#xED;a del Banco Central de la Rep&#xFA;blica Argentina / Leonardo Massimino - 36. Senado de la Naci&#xF3;n: presupuesto, "Subestimaci&#xF3;n" y federalismo. (Homenaje al Dr. Pedro Jos&#xE9; Fr&#xED;as) / Alejandro P&#xE9;rez Hualde - 37. Reflexiones sobre el mobbing y la discriminaci&#xF3;n en el empleo p&#xFA;blico / Miriam M. Ivanega - 38. Seguridad jur&#xED;dica, justicia y federalismo / Domingo J. Sesin - 39. El mito del dominio p&#xFA;blico imprescriptible / Eduardo Mertehikian.</subfield>
  </datafield>
  <datafield tag="041" ind1=" " ind2=" ">
    <subfield code="a">spa</subfield>
  </datafield>
  <datafield tag="942" ind1=" " ind2=" ">
    <subfield code="c">BK</subfield>
  </datafield>
  <datafield tag="590" ind1=" " ind2=" ">
    <subfield code="a">niveau_biblio:m niveau_hierar:0</subfield>
  </datafield>
  <datafield tag="100" ind1="1" ind2=" ">
    <subfield code="a">Jornadas sobre Cuestiones de Organizaci&#xF3;n Estatal, Funci&#xF3;n P&#xFA;blica y Dominio P&#xFA;blico (1&#xBA; : 2011 may. 18-20 : Buenos Aires, Argentina)</subfield>
  </datafield>
  <datafield tag="856" ind1="4" ind2="1">
    <subfield code="u">https://www.biblioeco.unsa.edu.ar/pmb/images/libros/L127673.jpg</subfield>
    <subfield code="y">Imagen de portada</subfield>
    <subfield code="q">image/jpeg</subfield>
  </datafield>
  <datafield tag="999" ind1=" " ind2=" ">
    <subfield code="c">4476</subfield>
    <subfield code="d">4476</subfield>
  </datafield>
  <datafield tag="952" ind1=" " ind2=" ">
    <subfield code="0">0</subfield>
    <subfield code="1">0</subfield>
    <subfield code="4">0</subfield>
    <subfield code="7">0</subfield>
    <subfield code="a">BCEJYS</subfield>
    <subfield code="b">BCEJYS</subfield>
    <subfield code="c">16</subfield>
    <subfield code="d">2026-04-07</subfield>
    <subfield code="l">0</subfield>
    <subfield code="o">35 J82</subfield>
    <subfield code="p">L127673</subfield>
    <subfield code="r">2026-04-07 15:57:44</subfield>
    <subfield code="w">2026-04-07</subfield>
    <subfield code="y">L</subfield>
  </datafield>
</record>
